000 00736nam a2200205Ia 4500
003 GCL
008 140319s9999 xx 000 0 ara d
040 _aGCL /
_cGCL
082 0 4 _a813.03
_bى ف
100 1 _aيعقوب صروف
245 1 0 _aفتاة مصر: فكاهية تهذيبية اجتماعية عمرانية وفيها بحث ضاف عن اسباب الحرب بين الروس واليابان /
_cيعقوب صروف
300 _a191 ص
490 _aالهيئة العامة للاستعلامات
_v0
650 0 4 _aالادب العربى
650 0 4 _aالقصص العربية
650 0 4 _aالقصص - مصر
650 0 4 _aالروايات
650 0 4 _aالروايات العربية
942 _2ddc
_cBK
999 _c50456
_d50456